[Event "Frankfurt-chA"]
[Site "Frankfurt"]
[Date "2012.06.04"]
[Round "5"]
[White "Achelrod, Alexandre"]
[Black "Bittner, Peter"]
[Result "1-0"]
[WhiteElo "1846"]
[BlackElo "1682"]
[PlyCount "93"]
[EventDate "2012.04.30"]
[EventType "swiss"]
[EventRounds "7"]
[EventCountry "GER"]
[SourceTitle "EXT 2013"]
[Source "ChessBase"]
[SourceDate "2012.11.22"]
[SourceVersion "1"]
[SourceVersionDate "2012.11.22"]
[SourceQuality "1"]

1. d4 Nf6 2. Bf4 e6 3. e3 c5 4. c3 Nc6 5. Be2 cxd4 6. exd4 Qb6 7. Qc2 d5 8. Nd2 Bd7 9. Nb3 Rc8 10. Qd3 Be7 11. Nf3 0-0 12. 0-0 Ne4 13. Rfe1 Bf6 14. Be3 Qc7 15. Nbd2 Nxd2 16. Bxd2 Ne7 17. Bd1 Qc4 18. Qb1 Ng6 19. b3 Qc7 20. Qd3 Nf4 21. Qe3 Ng6 22. Bc2 Rfe8 23. Ne5 Bxe5 24. dxe5 Qc5 25. Qg3 d4 26. c4 b5 27. Bd3 bxc4 28. bxc4 Rb8 29. h4 Ne7 30. Bh6 g6 31. h5 Nf5 32. Bxf5 exf5 33. hxg6 fxg6 34. e6 Bc6 35. Re5 Qxc4 36. Rxf5 Qxe6 37. Rc5 Qe4 38. Rac1 Rb1 39. Rxb1 Qxb1+ 40. Kh2 Re1 41. Qf4 Rh1+ 42. Kg3 Qd3+ 43. f3 Rxh6 44. Rxc6 g5 45. Rc8+ Kg7 46. Qf8+ Kg6 47. Rc6+ 1-0

[Event "Hessen-chA"]
[Site "Offenbach"]
[Date "2012.04.05"]
[Round "1"]
[White "Achelrod, Alexandre"]
[Black "Feicht, Arno"]
[Result "1/2-1/2"]
[WhiteElo "1846"]
[BlackElo "2040"]
[PlyCount "117"]
[EventDate "2012.04.05"]
[EventType "swiss"]
[EventRounds "7"]
[EventCountry "GER"]
[SourceTitle "EXT 2013"]
[Source "ChessBase"]
[SourceDate "2012.11.22"]
[SourceVersion "1"]
[SourceVersionDate "2012.11.22"]
[SourceQuality "1"]

1. d4 e6 2. Bf4 Nf6 3. e3 b6 4. Be2 Bb7 5. Nf3 d6 6. h3 Nbd7 7. Nbd2 Qe7 8. 0-0 h6 9. a4 a5 10. Bb5 g6 11. Re1 Bg7 12. e4 0-0 13. e5 Ne8 14. Qe2 d5 15. c3 c5 16. Bd3 Nc7 17. h4 Ba6 18. Qe3 Bxd3 19. Qxd3 Kh8 20. Qe3 Kh7 21. Qd3 Rh8 22. h5 Nf8 23. hxg6+ Nxg6 24. Bg3 Kg8 25. c4 Rd8 26. Qb3 Rb8 27. Rac1 Kh7 28. Qd3 Kg8 29. cxd5 Nxd5 30. Nc4 h5 31. dxc5 Bh6 32. Rb1 h4 33. Bh2 bxc5 34. Nxa5 Qc7 35. Nc4 Kf8 36. Re4 Bf4 37. g3 hxg3 38. fxg3 Bh6 39. a5 Nge7 40. a6 Nb4 41. Qd6 Qxd6 42. exd6 Nec6 43. Nfe5 Ra8 44. Nxc6 Nxc6 45. Ree1 Ra7 46. g4 Bg7 47. Be5 f6 48. Bc3 Kf7 49. g5 e5 50. gxf6 Bxf6 51. Bxe5 Re8 52. Rf1 Rg8+ 53. Kh1 Rh8+ 54. Kg2 Rg8+ 55. Kf3 Rg6 56. Ke3 Kg7 57. Bxf6+ Rxf6 58. Rg1+ Kh7 59. Rh1+ 1/2-1/2

[Event "Hessen-chA"]
[Site "Offenbach"]
[Date "2012.04.05"]
[Round "2"]
[White "Weiss, Matthias"]
[Black "Achelrod, Alexandre"]
[Result "1-0"]
[WhiteElo "2026"]
[BlackElo "1846"]
[PlyCount "115"]
[EventDate "2012.04.05"]
[EventType "swiss"]
[EventRounds "7"]
[EventCountry "GER"]
[SourceTitle "EXT 2013"]
[Source "ChessBase"]
[SourceDate "2012.11.22"]
[SourceVersion "1"]
[SourceVersionDate "2012.11.22"]
[SourceQuality "1"]

1. e4 c5 2. Nf3 a6 3. c3 d5 4. exd5 Qxd5 5. d4 cxd4 6. cxd4 Nf6 7. Nc3 Qd6 8. Be2 e6 9. 0-0 Be7 10. Ne5 0-0 11. Bf3 Nc6 12. Bf4 Re8 13. Nxc6 Qxf4 14. Nxe7+ Rxe7 15. g3 Qd6 16. Rc1 Rb8 17. Qb3 b5 18. Rfd1 Bb7 19. Bxb7 Rexb7 20. d5 exd5 21. Nxd5 Nxd5 22. Rxd5 Qe7 23. Rcd1 h6 24. Qd3 Re8 25. Kg2 Qe4+ 26. Qxe4 Rxe4 27. Kf3 Rbe7 28. Rd8+ Kh7 29. R8d7 Rxd7 30. Rxd7 Ra4 31. a3 f6 32. Ke3 Rc4 33. Rd6 Rc2 34. b4 Rc3+ 35. Rd3 Rc6 36. Kd4 Rd6+ 37. Ke4 Re6+ 38. Kd5 Re2 39. Kc5 Rxf2 40. Kb6 Rxh2 41. Kxa6 Rh5 42. a4 bxa4 43. b5 Rh1 44. b6 Rb1 45. b7 h5 46. Ka7 g5 47. b8Q Rxb8 48. Kxb8 Kg6 49. Kc7 g4 50. Kd6 Kf5 51. Kd5 Kg5 52. Ke6 Kg6 53. Rd8 a3 54. Rg8+ Kh7 55. Ra8 Kg6 56. Rxa3 h4 57. gxh4 f5 58. Rg3 1-0

[Event "Main Vogelsberg op 2nd"]
[Site "Grossauheim"]
[Date "2007.06.08"]
[Round "3"]
[White "Muchamedov, Sergej"]
[Black "Achelrod, Alexandre"]
[Result "0-1"]
[WhiteElo "1463"]
[BlackElo "1827"]
[PlyCount "68"]
[EventDate "2007.06.07"]
[EventType "swiss"]
[EventRounds "7"]
[EventCountry "GER"]
[SourceTitle "EXT 2008"]
[Source "ChessBase"]
[SourceDate "2007.11.25"]
[SourceVersion "1"]
[SourceVersionDate "2007.11.25"]
[SourceQuality "1"]

1. e4 c5 2. d4 cxd4 3. c3 dxc3 4. Nxc3 d6 5. Bc4 e6 6. Nf3 Nc6 7. Bf4 a6 8. 0-0 Be7 9. Qe2 Nf6 10. Rfd1 Qc7 11. Rd2 0-0 12. e5 dxe5 13. Nxe5 Nxe5 14. Bxe5 Qc6 15. Rad1 b5 16. Bd3 Bb7 17. f3 Rad8 18. Ne4 Qb6+ 19. Kh1 Nxe4 20. Bxe4 Bxe4 21. Qxe4 Rxd2 22. Rxd2 Qa5 23. Qg4 g6 24. Bc3 b4 25. Bd4 b3 26. Rd1 bxa2 27. Ra1 Rc8 28. Qf4 Qd5 29. h3 Bg5 30. Qe5 Qxe5 31. Bxe5 Rc1+ 32. Rxc1 Bxc1 33. b3 Bh6 34. Kh2 Bg7 0-1

[Event "Hessen-ch qual-C"]
[Site "Erlensee"]
[Date "2007.04.07"]
[Round "7"]
[White "Friedrich, Helmut"]
[Black "Achelrod, Alexandre"]
[Result "1-0"]
[WhiteElo "1725"]
[BlackElo "1873"]
[PlyCount "79"]
[EventDate "2007.04.04"]
[EventType "swiss"]
[EventRounds "7"]
[EventCountry "GER"]
[SourceTitle "CBM 117 Extra"]
[Source "ChessBase"]
[SourceDate "2007.05.09"]
[SourceVersion "1"]
[SourceVersionDate "2007.05.09"]
[SourceQuality "1"]

1. e4 c5 2. Nf3 d6 3. d4 cxd4 4. Nxd4 Nf6 5. Nc3 a6 6. Be2 b5 7. a3 Bb7 8. Bf3 Nbd7 9. 0-0 e6 10. Nde2 Ne5 11. Ng3 Be7 12. h3 0-0 13. Be2 Rc8 14. Be3 Nc4 15. Bxc4 Rxc4 16. Qd3 Qa8 17. f3 Rfc8 18. Rac1 Qb8 19. Bf2 Qc7 20. Nge2 Nd7 21. Qe3 Bf6 22. Kh1 b4 23. axb4 Rxb4 24. Rb1 Nb6 25. Be1 Nc4 26. Qc1 Rb6 27. Na4 Rb5 28. Nac3 Rh5 29. Ng3 Rc5 30. Nge2 Qd8 31. Bf2 Rh5 32. Bg3 Bh4 33. Bxh4 Qxh4 34. Ng1 Qg3 35. Nce2 Qe5 36. b3 Nb6 37. Qd2 f5 38. exf5 Rxf5 39. Rbd1 Rd8 40. Nd4 1-0